000 03112cam a2200361 i 4500
003 SA-RiAUC
005 20250130065929.0
008 250103s1998 ua g d 000k0 ara c
020 _a9775146445
024 0 _a00000000969777
040 _aSA-JeALM
_bara
_cSA-RiAUC
_dAE-DuMBRL
_erda
050 4 _bA36 1998
082 0 4 _a251
_qSA-RiAUC
090 _a251
_b ا س ع
100 1 _aالأسعدي، محمد عبيد الله
_eمؤلف.
245 1 2 _aالموجز في أصول الفقه ؛
_bمع معجم أصول الفقه /
_cتأليف محمد عبيد الله الأسعدي ؛ قدم له فضيلة الشيخ عبد الفتاح أبو غدة، فضيلة الشيخ أبو الحسن الندوي, محمد الندوي.
250 _aالطبعة الأولى.
264 1 _aالقاهرة :
_bدار السلام للطباعة والنشر،
_c1990.
300 _a351 صفحة ؛
_c24 سم
336 _aنص
_btxt
_2rdacontent
_3كتاب
337 _aبدون وسيط
_bn
_2rdamedia
338 _aمجلد
_bnc
_2rdacarrier
520 _aيتناول كتاب (الموجز في أصول الفقه مع معجم أصول الفقه) والذي قام بتأليفه محمد عبيد الله الأسعدي، موضوع (أصول الفقه) الكتاب في أهم العلوم الإسلامية؛ وهو علم أصول الفقه لأنه ذريعة لتجديد أحكام الدين الإسلامي وتوضيحها، واستنباط الجديد منها بمقتضى ما تتطلبه الحياة الدينية، في ظروف متجددة ولم يرد في شأنها حكم صريح واضح، في مصدري الشريعة الإسلامية الأساسيين الكتاب والسنة، فإنه لا تكتمل معرفة الفقه الإسلامي للمشتغل إلا بمعرفة أصوله، حتى يكون فهمه للأحكام الدينية فهما صحيحا مستقيما. وفي هذا المجال اجتهد المؤلف لإخراج كتابه هذا ليكون بمثابة موجز في أصول الفقه، جاء مختصرا نافعا، وميسرا جامعا، استخلص فيه المؤلف من كتب أصول الحنفية لبابها، لتقريبه إلى المستفيدين بأوجز عبارة وأوضحها، مع التوثيق لكل نص، والتحقيق لكل بحث ومسألة، بما يفي بالمرام ويتسع له المقام.
650 7 _aأصول الفقه الإسلامي
_2aucsh
650 7 _aأصول الفقه الإسلامي
_vمعاجم
_2aucsh
700 1 2 _iمع (عمل) :
_aالأسعدي، محمد عبيد الله.
_tمعجم أصول الفقه
700 1 _aالندوي، أبي الحسني،
_d1913-1999
_eمقدم.
700 1 _aأبو غدة، عبد الفتاح.
_eمقدم.
700 _aالندوى, محمد الرابع الحسنى.
_eمقدم.
942 _2ddc
_cBOOK
_n0
949 _aSA-JeALM
_d250103
_umohamedma123
_n1
999 _c4709
_d4709